00397nam a2200169Ia 4500003000400000005001700004008004000021040000700061041000800068082001500076100003300091245003200124250000600156260003400162300001800196650001300214OSt20250610160324.0210210b1984 xxu||||| |||| 00| 0 eng d cAL aeng a575.1 GARP aGARDNER (Eldon J) and others aPrinciples of genetics Ed 8 a8 aNYbJohn Wiley and Sonsc1984 axviii,649,119 aGenetics